000 00543nam a22002417a 4500
003 UA-OsUOA
001 30331
007 ta
008 20041109b un ||||| |||| 00| 0 ukr d
100 _aГершов З. М.
090 _a929:32(73)
_bГ37
942 _cBK
040 _aUA-OsUOA
_brus
_cUA-OsUOA
_dUA-OsUOA
245 _aВудро Вильсон
300 _a335 с.
955 _a0
041 _arus
080 _a929:32(73)
260 _aМосква
_bМысль
_c1983
044 _aRU
650 7 _2UDC
999 _c316742
_d316742